000 00311nam a2200133Ia 4500
008 100328s9999 xx 000 0 und d
082 _b44315
100 _aबैजल रेखा
245 _aआदिम
260 _bशब्द
630 _aआदिम
730 _aआदिम
942 _cBOOK
999 _c532600
_d532597